000 01057nam a2200241 a 4500
001 71322
003 BD-RjUL
005 20211209082112.0
008 170304s1979 xxua|||| |||| 00| 0 eng d
020 _cTk.18.00
035 _a(BD-RjUL)71538
040 _aBD-RjUL
_bben
_cBD-RjUL
041 _aben
082 _223
_a891.44309
_bCHR 1980
100 1 _a চক্রবর্তী, সুবোধকুমার
_9193262
245 0 1 _aরম্যাণি বীক্ষ্য :
_bউপন্যাস-রসসিক্ত ভ্রমন-কাহিনী /
_cসুবোধকুমার চক্রবর্তী
250 _a৩য় সং .
260 _aকলিকাতা :
_bএ মুখার্জী এন্ড কোং প্রা লি,
_c১৯৮০
300 _a৩৪৫ পৃ. :
_bচিত্র. ;
_c২২ সেমি.
650 _aবাংলা উপন্যাস
_9170454
_xইতিহাস ও সমালোচনা
650 _aBengali fiction
_9170455
_xHistory & Criticism
942 _2ddc
_cBK
999 _c71322
_d71322